Szczegóły MARC21

Transcultural cinema /

003 -Nazwa inst., której nr kontr. jest w polu 001 [,]
    • @
    • Nazwa instytucji, której n kontrolny jest w polu 001
    • NUKAT
005 -DATA I CZAS OSTATNIEJ MODYFIKACJI [,]
    • @
    • pole kontrolne
    • 20241231095541.0
020 -Międzynarod. znormalizowany nr książki - ISBN [ , ]
    • a
    • Numer ISBN
    • 0691012350 Find
    • q
    • Dopowiedzenie
    • cloth : alk. paper
020 -Międzynarod. znormalizowany nr książki - ISBN [ , ]
    • a
    • Numer ISBN
    • 0691012342 Find
    • q
    • Dopowiedzenie
    • pbk. : alk. paper
040 -Instytucja sporządzająca opis [ , ]
    • a
    • Instytucja, która sporządziła opis (NP)
    • Ł U/ar
    • c
    • Instytucja, która sporządziła rekord (NP)
    • Ł U/ar
    • d
    • Instytucja, która zmodyfikowała rekord (P)
    • Ł U/AG
    • d
    • Instytucja, która zmodyfikowała rekord (P)
    • Ł U/RRs
942 -Rodzaj dokumentu [ , ]
    • c
    • Rodzaj dokumentu
    • Książka
100 -Hasło główne - nazwa osobowa [1, ]
    • a
    • Nazwa osobowa (NP)
    • MacDougall, David.
    • 9
    • KHW
    • 688496
245 -Strefa tytułu i oznaczenia odpowiedzialności [1,0]
    • a
    • Tytuł
    • Transcultural cinema / Find
    • c
    • Pozostałe elementy strefy tytułu i oznaczenia odpowiedzialności (NP)
    • David MacDougall ; ed. and with an introd. by Lucien Taylor.
260 -Strefa adresu wydawniczego [ , ]
    • a
    • Miejsce wydania (P)
    • Princeton :
    • b
    • Nazwa wydawcy (P)
    • Princeton University Press,
    • c
    • Data wydania (P)
    • cop. 1998.
300 -Strefa opisu fizycznego [ , ]
    • a
    • Określenie formy książki i/lub objętość (NP)
    • X, 318 s. :
    • b
    • Oznaczenie ilustracji (NP)
    • il. ;
    • c
    • Format (NP)
    • 24 cm.
336 -Typ zawartości [ , ]
    • a
    • Termin opisujący typ zawartości
    • Tekst
    • b
    • Kod określający zawartość
    • txt
    • 2
    • Źródło (terminu i kodu)
    • rdacontent
337 -Typ mediów [ , ]
    • a
    • Tryb odtwarzania
    • Bez urządzenia pośredniczącego
    • b
    • Kod typu mediów
    • n
    • 2
    • Źródło (terminu i kodu)
    • rdamedia
338 -Typ/rodzaj nośnika [ , ]
    • a
    • Hasło opisujące typ nośnika
    • Wolumin
    • b
    • Kod typu nośnika
    • nc
    • 2
    • Źródło (terminu i kodu)
    • rdacarrier
380 -Deskryptor - Forma dzieła (P) [ , ]
    • a
    • forma dzieła (NP)
    • Literatura faktu, eseje, publicystyka
490 -Strefa serii i książki wielotomowej - forma nie do wyszukiwania [1, ]
    • a
    • Tytuł (P)
    • Princeton Paperbacks Find
830 -Hasło dodatkowe serii i opisu książki wielotomowej - tytuł ujednolicony/tytuł [ ,0]
    • a
    • Tytuł ujednolicony/tytuł (NP)
    • Princeton Paperbacks
    • 9
    • KHW
    • 47664
504 -Uwaga dot. bibliogr. załącznikowej [ , ]
    • a
    • Uwaga dot. bibliografii załącznikowej
    • Bibliogr. s. [279]-292. Indeks.
504 -Uwaga dot. bibliogr. załącznikowej [ , ]
    • a
    • Uwaga dot. bibliografii załącznikowej
    • Filmogr. s. [293]-302.
650 -Hasło przedmiotowe [ ,7]
    • a
    • Hasło przedmiotowe
    • Antropologia wizualna.
    • 2
    • Źródło terminu
    • kaba
    • 9
    • KHW
    • 163417
650 -Hasło przedmiotowe [ ,7]
    • a
    • Hasło przedmiotowe
    • Filmy etnograficzne
    • x
    • Określnik rzeczowy
    • historia i krytyka.
    • 2
    • Źródło terminu
    • kaba
    • 9
    • KHW
    • 373637
650 -Hasło przedmiotowe [ ,7]
    • a
    • Hasło przedmiotowe
    • Filmy etnograficzne
    • v
    • Określnik formalny
    • katalogi.
    • 2
    • Źródło terminu
    • kaba
    • 9
    • KHW
    • 688567
700 -Hasło dodatkowe - nazwa osobowa [1, ]
    • a
    • Nazwa osobowa (NP)
    • Taylor, Lucien Find
    • d
    • Daty biograficzne (NP)
    • (1966- ).
    • e
    • Określenie rodzaju współpracy
    • Red.
    • 9
    • KHW
    • 688495
920 -ISBN [ , ]
    • a
    • ISBN
    • 0-691-01235-0 Find
    • q
    • Dopowiedzenie
    • cloth : alk. paper
920 -ISBN [ , ]
    • a
    • ISBN
    • 0-691-01234-2 Find
    • q
    • Dopowiedzenie
    • pbk. : alk. paper
Status udost. Numer inwentarzowy Sygnatura Data inwentaryzacji Lokalizacja
1A.6559ANG. Sztuka 312002-04-25BM